Ces langues existent-elles ? - Mort Subite [FACILE] - Statistiques

Statistiques générales
  • Ce quiz a été pris 440 fois
    423 depuis la dernière actualisation
  • Le résultat moyen est 13 sur 20
Answers on the Grid
Answers color-coded by a green-red scale on the quiz's grid according to % correct below.
Espagnol
Allemand
Anglais
Arabe
Argentin
Barcelais
Belge
Carmelin
Coréen
Damasquin
Français
Gibraltais
Grec
Hongrois
Italien
Japonais
Kazakh
Libanais
Lingala
Mandarin
Miamien
Néerlandais
Polonais
Pyongyangien
Roumain
Russe
Serbe
Turc
Ukrainien
Vaticanais
 
Statistiques - réponses
Réponse % Correct
Français
74%
Anglais
73%
Allemand
70%
Espagnol
70%
Grec
69%
Russe
69%
Arabe
68%
Italien
68%
Coréen
67%
Mandarin
66%
Néerlandais
66%
Turc
66%
Japonais
65%
Polonais
63%
Roumain
60%
Hongrois
57%
Serbe
56%
Ukrainien
52%
Lingala
43%
Kazakh
39%
Aucun quiz correspondant
Distribution des résultats
% des personnes avec chaque résultat
Percentile par nombre de réponses
Votre historique - résultats
Vous n’avez pas pris ce quiz depuis la dernière actualisation